| 000 | 00000nam##2200000za#4500 |
| 001 | 9.699459 |
| 003 | CaOODSP |
| 005 | 20210625000406 |
| 007 | cr ||||||||||| |
| 008 | 150407|1964||||xxc|||||o f|0| 0 eng|d |
| 040 | |aCaOODSP|beng |
| 043 | |an-cn--- |
| 086 | 1 |aA43-1207/1968E-PDF |
| 110 | 1 |aCanada.|bAgriculture Canada.|bResearch Branch. |
| 245 | 10|aIrrigating cucumbers for southwestern Ontario / |h[electronic resource]|c[by] J.M. Fulton. |
| 260 | |aOttawa - Ontario : |bAgriculture Canada. |c1964, reprinted 1968. |
| 300 | |a8p.|btables, photographs |
| 500 | |aHistorical publication digitized by Agriculture and Agri-Food Canada. |
| 590 | |a15-01-Supp|b2015-01-26 |
| 690 | 07|aIrrigation|2gcpds |
| 690 | 07|aVegetable crops|2gcpds |
| 856 | 40|ahttp://publications.gc.ca|qPDF|s322 KB|uhttps://publications.gc.ca/collections/collection_2014/aac-aafc/agrhist/A43-1207-1968-eng.pdf |
| 986 | |a1207 |